Letra de «Feliz Navidad» - Estadísticas

Estadísticas generales
  • Esta prueba ha sido intentada 276 veces
  • La puntuación promedio es 12 de 19
Estadísticas de respuestas
Letra % Correcto
Feliz
100%
Navidad
99%
Año
89%
Próspero
89%
Y
88%
Felicidad
87%
I
61%
A
60%
Christmas
58%
Merry
58%
Wish
58%
Wanna
57%
You
57%
Heart
41%
My
41%
From
39%
Of
39%
The
39%
Bottom
37%
No se encontraron pruebas coincidentes
Distribución de puntuación
Porcentaje de gente con cada puntuación
Porcentaje por número respondido
Historial de tus puntuaciones
No has intentado esta prueba.